[Event "V Festival Magistrale"]
[Site "Catania ITA"]
[Date "1994.08.10"]
[Round "5"]
[White "Contin, Daniel"]
[Black "Petursson, Margeir"]
[Result "0-1"]
[WhiteElo "2425"]
[BlackElo "2540"]
[PlyCount "52"]
[EventDate "1994.08.06"]

1. c4 e5 2. Nc3 Nf6 3. Nf3 Nc6 4. g3 d5 5. cxd5 Nxd5 6. Bg2 Nb6 7. a3 Be6 8.
O-O Be7 9. b4 O-O 10. Rb1 a6 11. d3 f5 12. Bb2 Kh8 13. e4 Qe8 14. b5 fxe4 15.
bxc6 exf3 16. Bxf3 bxc6 17. Ne4 Nd7 18. Bh5 Qd8 19. Bg4 Bd5 20. Bxd7 Qxd7 21.
Bxe5 Qf5 22. Bb2 Rab8 23. Qe1 Kg8 24. Nc3 Bf3 25. Nd1 Qh3 26. Ne3 Rb5 0-1

[Event "V Festival Magistrale"]
[Site "Catania ITA"]
[Date "1994.08.10"]
[Round "5"]
[White "De La Rocha Prieto, Ramon"]
[Black "Agnello, Giuseppe"]
[Result "1/2-1/2"]
[WhiteElo "2340"]
[BlackElo "2195"]
[PlyCount "30"]
[EventDate "1994.08.06"]

1. d4 Nf6 2. Nf3 g6 3. c4 Bg7 4. Nc3 O-O 5. e4 d6 6. h3 e5 7. d5 a5 8. Bg5 Na6
9. Be2 Bd7 10. Nd2 Nc5 11. g4 a4 12. Qc2 c6 13. b4 axb3 14. Nxb3 Nxb3 15. Qxb3
cxd5 1/2-1/2

[Event "V Festival Magistrale"]
[Site "Catania ITA"]
[Date "1994.08.10"]
[Round "5"]
[White "Fabiano, Giuseppe"]
[Black "Stassi, Emilio"]
[Result "0-1"]
[WhiteElo "2210"]
[BlackElo "2150"]
[PlyCount "74"]
[EventDate "1994.08.06"]

1. e4 c5 2. Nf3 e6 3. d3 d5 4. Nbd2 g6 5. g3 Bg7 6. Bg2 Ne7 7. O-O O-O 8. Re1
Nbc6 9. c3 Qc7 10. Qe2 b6 11. e5 Ba6 12. Nf1 b5 13. Bf4 b4 14. h4 Qa5 15. Bd2
bxc3 16. bxc3 Qb5 17. c4 dxc4 18. dxc4 Qxc4 19. Qxc4 Bxc4 20. Be3 Nxe5 21. Nxe5
Bxe5 22. Bxc5 Bxa1 23. Rxa1 Nd5 24. Bxf8 Kxf8 25. Ne3 Rc8 26. Nxc4 Rxc4 27.
Bxd5 exd5 28. Rd1 Rc5 29. Kg2 Ke7 30. Kf3 Kd6 31. Rd2 Rc4 32. Rb2 Re4 33. Rb5
Re7 34. a4 Kc6 35. h5 d4 36. Rb8 Kc5 37. h6 d3 0-1

[Event "V Festival Magistrale"]
[Site "Catania ITA"]
[Date "1994.08.10"]
[Round "5"]
[White "Genovese, Maurizio"]
[Black "Sedina, Elena"]
[Result "1/2-1/2"]
[WhiteElo "2250"]
[BlackElo "2335"]
[PlyCount "60"]
[EventDate "1994.08.06"]

1. d4 Nf6 2. c4 c5 3. d5 b5 4. Qc2 bxc4 5. e4 d6 6. Bxc4 g6 7. Nf3 Bg7 8. O-O
O-O 9. Bg5 Nbd7 10. Re1 Ng4 11. Nbd2 a5 12. Rad1 Ba6 13. h3 Nge5 14. Nxe5 Nxe5
15. Bxa6 Rxa6 16. f4 Nd7 17. Nc4 Bd4+ 18. Kh1 Nb6 19. e5 dxe5 20. d6 f6 21. Bh4
exd6 22. fxe5 d5 23. exf6 Bxf6 24. Bxf6 Qxf6 25. Nxb6 Rxb6 26. Qxc5 Rxb2 27.
Qxa5 d4 28. Qd5+ Qf7 29. Rxd4 Qxd5 30. Rxd5 Rxa2 1/2-1/2

[Event "V Festival Magistrale"]
[Site "Catania ITA"]
[Date "1994.08.10"]
[Round "5"]
[White "Levitt, Jonathan Paul"]
[Black "Arlandi, Ennio"]
[Result "1/2-1/2"]
[WhiteElo "2425"]
[BlackElo "2425"]
[PlyCount "39"]
[EventDate "1994.08.06"]

1. d4 d5 2. c4 e6 3. Nc3 Be7 4. Nf3 Nf6 5. Bg5 O-O 6. e3 h6 7. Bh4 b6 8. Rb1 a5
9. Be2 Bb7 10. O-O Nbd7 11. Rc1 c5 12. dxc5 bxc5 13. Qc2 Rc8 14. Rfd1 Qb6 15.
Na4 Qa7 16. cxd5 exd5 17. Bb5 Rfd8 18. Bxd7 Rxd7 19. Ne5 Rdc7 20. Nd3 1/2-1/2

[Event "V Festival Magistrale"]
[Site "Catania ITA"]
[Date "1994.08.10"]
[Round "5"]
[White "Ortega, Lexy"]
[Black "Marinelli, Tullio"]
[Result "0-1"]
[WhiteElo "2450"]
[BlackElo "2375"]
[PlyCount "104"]
[EventDate "1994.08.06"]

1. d4 Nf6 2. Nf3 e6 3. g3 b6 4. Bg2 Bb7 5. c4 Be7 6. Nc3 Ne4 7. Bd2 f5 8. d5
Bf6 9. Qc2 Qe7 10. Rd1 Na6 11. Nxe4 fxe4 12. Qxe4 Nc5 13. Qb1 exd5 14. cxd5
Bxd5 15. O-O Be4 16. Qc1 a5 17. Be3 O-O 18. Ne1 d6 19. Bxc5 Bxg2 20. Bxd6 Qxe2
21. Nxg2 cxd6 22. Rd2 Qb5 23. Ne3 Rac8 24. Qb1 Rc5 25. Rfd1 a4 26. Nd5 Qc6 27.
b4 Rc4 28. Ne3 Rc3 29. Qf5 Be5 30. Qe6+ Kh8 31. Nd5 Rcf3 32. Qg4 b5 33. Qe4 Qc4
34. Re1 a3 35. Kg2 h6 36. Rc2 Qxe4 37. Rxe4 Rd3 38. Ne7 Kh7 39. f4 Bf6 40. Nf5
Bb2 41. g4 Rd1 42. Re7 Ra1 43. Ra7 Kh8 44. Ne7 Re8 45. f5 Kh7 46. h4 Re1 47.
Rcc7 Bd4 48. Nd5 R8e2+ 49. Kf3 Rf2+ 50. Kg3 Rg1+ 51. Kh3 Rf3+ 52. Kh2 Rxg4 0-1

[Event "V Festival Magistrale"]
[Site "Catania ITA"]
[Date "1994.08.10"]
[Round "5"]
[White "Sale, Srdjan"]
[Black "Pantaleoni, Claudio"]
[Result "1-0"]
[WhiteElo "2405"]
[BlackElo "2225"]
[PlyCount "66"]
[EventDate "1994.08.06"]

1. e4 c5 2. Nc3 Nc6 3. g3 g6 4. Bg2 Bg7 5. d3 d6 6. f4 e6 7. Nf3 Nge7 8. O-O
O-O 9. Be3 Nd4 10. e5 Nef5 11. Bf2 Qb6 12. Rb1 Nxf3+ 13. Qxf3 dxe5 14. fxe5
Bxe5 15. Ne4 Nd4 16. Qd1 f5 17. Nd2 Qc7 18. c3 Nb5 19. Qe2 a6 20. a4 Na7 21.
Nc4 Bf6 22. b4 cxb4 23. Nb6 Rb8 24. Nxc8 Nxc8 25. Qxe6+ Kg7 26. Rxb4 Rf7 27.
Rfb1 Re7 28. Qc4 a5 29. Rxb7 Qxc4 30. dxc4 Rbxb7 31. Rxb7 Bxc3 32. c5 Rxb7 33.
Bxb7 Bb2 1-0

[Event "V Festival Magistrale"]
[Site "Catania ITA"]
[Date "1994.08.10"]
[Round "5"]
[White "Sarno, Spartaco"]
[Black "Urday Caceres, Henry"]
[Result "1-0"]
[WhiteElo "2390"]
[BlackElo "2470"]
[PlyCount "55"]
[EventDate "1994.08.06"]

1. c4 e5 2. Nc3 Nc6 3. g3 g6 4. Bg2 Bg7 5. e3 d6 6. Nge2 h5 7. h4 Nh6 8. d3 Nf5
9. Rb1 a5 10. a3 O-O 11. b4 axb4 12. axb4 Nce7 13. b5 c6 14. O-O Be6 15. Ne4 d5
16. Ng5 Bc8 17. bxc6 bxc6 18. e4 dxc4 19. exf5 Bxf5 20. Ne4 cxd3 21. N2c3 Ra5
22. Bg5 f6 23. Be3 Nc8 24. Rb8 Ra6 25. Qb3+ Kh7 26. Bc5 Rg8 27. Qb7 Ra5 28. Bb6
1-0

[Event "V Festival Magistrale"]
[Site "Catania ITA"]
[Date "1994.08.10"]
[Round "5"]
[White "Sax, Gyula"]
[Black "Naumkin, Igor"]
[Result "1-0"]
[WhiteElo "2530"]
[BlackElo "2475"]
[PlyCount "41"]
[EventDate "1994.08.06"]

1. e4 e6 2. d4 d5 3. Nc3 Bb4 4. exd5 exd5 5. Bd3 Nc6 6. a3 Bxc3+ 7. bxc3 Qf6 8.
Rb1 Nge7 9. Ne2 Ng6 10. O-O O-O 11. f4 Bg4 12. f5 Nge7 13. Rxb7 Rab8 14. Rxc7
Rb1 15. Qd2 Bxe2 16. Bxe2 Rd8 17. Qg5 Rb6 18. Qxf6 gxf6 19. a4 Nc8 20. Ba3 Na5
21. Bb4 1-0

[Event "V Festival Magistrale"]
[Site "Catania ITA"]
[Date "1994.08.10"]
[Round "5"]
[White "Zueger, Beat"]
[Black "Godena, Michele"]
[Result "1-0"]
[WhiteElo "2420"]
[BlackElo "2485"]
[PlyCount "125"]
[EventDate "1994.08.06"]

1. c4 e5 2. Nc3 Nf6 3. Nf3 Nc6 4. g3 Bb4 5. Nd5 Bc5 6. Bg2 d6 7. O-O O-O 8. e3
a6 9. d3 Ba7 10. Bd2 h6 11. Rc1 Bf5 12. Ne1 Re8 13. Qf3 Nxd5 14. Qxf5 Nf6 15.
Qf3 e4 16. Qe2 d5 17. cxd5 Qxd5 18. Bc3 Ne5 19. dxe4 Nxe4 20. Bxe5 Qxe5 21.
Bxe4 Qxe4 22. Rxc7 Rac8 23. Qc2 Rxc7 24. Qxc7 h5 25. Ng2 Bb8 26. Qd7 Re7 27.
Qd2 Re6 28. Rd1 g6 29. Qd5 Qxd5 30. Rxd5 Be5 31. b3 Rc6 32. Nh4 Rc1+ 33. Kg2
Bf6 34. Nf3 Ra1 35. Rd2 Kg7 36. e4 b5 37. e5 Be7 38. Rc2 a5 39. Nd4 b4 40. Nc6
Bf8 41. Nxa5 g5 42. Nc6 Kg6 43. Nd4 g4 44. h3 Re1 45. Rc6+ Kh7 46. e6 fxe6 47.
hxg4 hxg4 48. Rxe6 Ra1 49. Re2 Kg6 50. Nc6 Rc1 51. Ne7+ Kg5 52. Nd5 Kf5 53.
Ne3+ Ke4 54. Nxg4+ Kd3 55. Re8 Bg7 56. Ne5+ Kd2 57. Rd8+ Ke2 58. Nd3 Rd1 59.
Nf4+ Ke1 60. Re8+ Kd2 61. Rd8+ Kc2 62. Rxd1 Kxd1 63. Nd3 1-0

[Event "V Festival Magistrale"]
[Site "Catania ITA"]
[Date "1994.08.11"]
[Round "6"]
[White "Agnello, Giuseppe"]
[Black "Ciampi, Vincenzo"]
[Result "0-1"]
[WhiteElo "2195"]
[BlackElo "2175"]
[PlyCount "66"]
[EventDate "1994.08.06"]

1. e4 e6 2. d4 d5 3. e5 Ne7 4. Nf3 b6 5. c3 Qd7 6. a4 a5 7. Bb5 c6 8. Bd3 Ba6
9. O-O Nf5 10. Na3 Bxd3 11. Qxd3 Be7 12. g4 Nh4 13. Nxh4 Bxh4 14. f4 Be7 15. f5
h5 16. gxh5 Rxh5 17. f6 gxf6 18. exf6 Bd6 19. Bf4 Bxf4 20. Rxf4 Qd6 21. Raf1
Nd7 22. Qe2 Rh6 23. c4 dxc4 24. Nxc4 Rg6+ 25. Kh1 Qd5+ 26. R1f3 Kd8 27. Ne3 Qa2
28. Qc2 Kc7 29. Nc4 Rag8 30. Rf1 Rg2 31. Qc3 Qxa4 32. Ne3 R2g6 33. h3 Qb5 0-1

[Event "V Festival Magistrale"]
[Site "Catania ITA"]
[Date "1994.08.11"]
[Round "6"]
[White "D'Amore, Carlo"]
[Black "Marinelli, Tullio"]
[Result "1-0"]
[WhiteElo "2420"]
[BlackElo "2375"]
[PlyCount "109"]
[EventDate "1994.08.06"]

1. Nf3 Nf6 2. g3 b6 3. Bg2 Bb7 4. d3 g6 5. e4 d6 6. O-O Bg7 7. Nfd2 Nfd7 8. Nc4
c6 9. a4 d5 10. exd5 cxd5 11. Re1 O-O 12. Nc3 Nc5 13. d4 dxc4 14. dxc5 Bxg2 15.
Kxg2 Bxc3 16. Qxd8 Rxd8 17. bxc3 Nc6 18. Re4 f5 19. Rxc4 Ne5 20. Rd4 bxc5 21.
Rxd8+ Rxd8 22. Be3 Rd5 23. Rb1 Nc4 24. Bh6 Kf7 25. Rb8 a5 26. Rh8 e5 27. Rxh7+
Ke6 28. Rg7 Kf6 29. h4 f4 30. Rc7 fxg3 31. Kxg3 Nd6 32. Kg4 Ne4 33. f3 Nxc3 34.
Bg5+ Ke6 35. Re7+ Kd6 36. Rg7 Rd4+ 37. Kh3 Ke6 38. Rxg6+ Kf7 39. Rf6+ Kg8 40.
h5 e4 41. Rg6+ Kf7 42. Bf6 Rc4 43. Be5 exf3 44. Rf6+ Kg8 45. Rxf3 Nxa4 46. h6
Kh7 47. Bg7 Rxc2 48. Rf7 Kg6 49. Rc7 Nb2 50. Bf8 Rc3+ 51. Kg4 Nd3 52. Rc6+ Kh7
53. Rc7+ Kg6 54. Rg7+ Kxh6 55. Kf5 1-0

[Event "V Festival Magistrale"]
[Site "Catania ITA"]
[Date "1994.08.11"]
[Round "6"]
[White "De La Rocha Prieto, Ramon"]
[Black "Caruso, Augusto"]
[Result "0-1"]
[WhiteElo "2340"]
[BlackElo "2245"]
[PlyCount "64"]
[EventDate "1994.08.06"]

1. d4 d5 2. c4 e5 3. dxe5 d4 4. Nf3 Nc6 5. g3 Be6 6. Nbd2 Qd7 7. Bg2 Nge7 8.
O-O Ng6 9. Qa4 O-O-O 10. b4 Kb8 11. b5 Ncxe5 12. Nb3 Nxc4 13. Nfxd4 Nb6 14. Qa5
Nd5 15. e4 Nb6 16. Rd1 Bd6 17. Be3 Qc8 18. Nc6+ bxc6 19. Nd4 Ne7 20. bxc6 Bc4
21. Rdc1 Qa6 22. Qc3 Qa3 23. Rab1 Qxc3 24. Rxc3 Ba6 25. f4 Ka8 26. Nb5 Nec8 27.
Nxd6 Rxd6 28. Bxb6 Nxb6 29. Ra3 Bc8 30. e5 Rd4 31. Rxb6 cxb6 32. Rc3 a5 0-1

[Event "V Festival Magistrale"]
[Site "Catania ITA"]
[Date "1994.08.11"]
[Round "6"]
[White "Lagumina, Giulio"]
[Black "Urday Caceres, Henry"]
[Result "1/2-1/2"]
[WhiteElo "2290"]
[BlackElo "2470"]
[PlyCount "89"]
[EventDate "1994.08.06"]

1. e4 c5 2. Nf3 e6 3. d4 cxd4 4. Nxd4 a6 5. Bd3 Nf6 6. O-O Qc7 7. Qe2 d6 8. c4
g6 9. Nc3 Bg7 10. Rd1 O-O 11. Nf3 Nbd7 12. Bf4 Nh5 13. Be3 Re8 14. Qd2 Bf8 15.
Bh6 Be7 16. Rac1 b6 17. Bg5 Bf8 18. Bh6 Be7 19. Bg5 f6 20. Be3 Bb7 21. Nd4 Bf8
22. f4 Ng7 23. Rf1 f5 24. exf5 gxf5 25. b3 Nf6 26. Be2 Rab8 27. Bf3 Qd7 28.
Rcd1 b5 29. cxb5 axb5 30. b4 Rec8 31. Qd3 Bxf3 32. Nxf3 Qc6 33. Rc1 Qa8 34.
Nxb5 Rxc1 35. Rxc1 Qxa2 36. Nxd6 Nd5 37. Nc4 Rxb4 38. Nfe5 Nh5 39. g3 Nhf6 40.
Qc2 Qa8 41. Bd4 Ra4 42. Nb6 Nxb6 43. Bxb6 Nd5 44. Bf2 Ra1 45. Rxa1 1/2-1/2

[Event "V Festival Magistrale"]
[Site "Catania ITA"]
[Date "1994.08.11"]
[Round "6"]
[White "Mantovani, Renzo"]
[Black "Sale, Srdjan"]
[Result "0-1"]
[WhiteElo "2365"]
[BlackElo "2405"]
[PlyCount "92"]
[EventDate "1994.08.06"]

1. d4 Nf6 2. Nf3 g6 3. Bg5 Bg7 4. Nbd2 O-O 5. c3 d6 6. e4 c5 7. h3 cxd4 8. cxd4
Nc6 9. Bd3 Nd7 10. Be3 e5 11. d5 Nb4 12. Nc4 Nc5 13. Bb1 Qc7 14. O-O Bd7 15.
Qd2 g5 16. Rc1 Rfc8 17. Bxc5 Qxc5 18. a3 Nxd5 19. exd5 b5 20. Bf5 Bxf5 21. Na5
Qb6 22. Nc6 Bf8 23. Rc3 Re8 24. Re1 Bg7 25. Qe3 Qb7 26. Nb4 Bd7 27. Nxg5 f5 28.
Rec1 Rac8 29. Rc6 h6 30. Rxc8 Bxc8 31. Nf3 Bd7 32. h4 Rc8 33. g3 Rxc1+ 34. Qxc1
e4 35. Nd2 Qb6 36. Nf1 Kh7 37. Nc6 Qc5 38. Qe3 Qxe3 39. Nxe3 Bxb2 40. Nb8 Be8
41. Nc2 Bf7 42. Nc6 Bxd5 43. N6d4 Bc4 44. h5 d5 45. f4 Bd3 46. Kf2 Bxc2 0-1

[Event "V Festival Magistrale"]
[Site "Catania ITA"]
[Date "1994.08.11"]
[Round "6"]
[White "Naumkin, Igor"]
[Black "Sedina, Elena"]
[Result "1-0"]
[WhiteElo "2475"]
[BlackElo "2335"]
[PlyCount "97"]
[EventDate "1994.08.06"]

1. d4 d5 2. c4 c6 3. Nc3 Nf6 4. cxd5 cxd5 5. Nf3 Nc6 6. Bf4 Bf5 7. e3 e6 8. Bb5
Nd7 9. Qa4 Qb6 10. Nh4 Be4 11. O-O-O Rc8 12. f3 Bg6 13. Nxg6 hxg6 14. Kb1 a6
15. Be2 Be7 16. Rc1 Qd8 17. Bg3 Nb6 18. Qd1 Na5 19. e4 Nc6 20. e5 Bh4 21. Rf1
Bxg3 22. hxg3 Qg5 23. f4 Qxg3 24. Qb3 Nc4 25. Bxc4 dxc4 26. Qxc4 O-O 27. Ne4
Qxg2 28. Nd6 Rb8 29. Rh1 Rfd8 30. Rh4 Qd5 31. Qc3 Qxd4 32. Rch1 Kf8 33. Qa3 Nb4
34. f5 Qxe5 35. Qxb4 Qxd6 36. Qxd6+ Rxd6 37. Rh8+ Ke7 38. Rxb8 exf5 39. Rxb7+
Kf6 40. Re1 g5 41. Ree7 f4 42. Rxf7+ Kg6 43. Rxg7+ Kh5 44. Kc2 f3 45. Rbf7 Kg4
46. Rf8 Rd4 47. Rgf7 Rf4 48. Rxf4+ gxf4 49. Rg8+ 1-0

[Event "V Festival Magistrale"]
[Site "Catania ITA"]
[Date "1994.08.11"]
[Round "6"]
[White "Pantaleoni, Claudio"]
[Black "Farina, Saverio"]
[Result "1/2-1/2"]
[WhiteElo "2225"]
[BlackElo "2100"]
[PlyCount "29"]
[EventDate "1994.08.06"]

1. d4 d5 2. Nf3 c5 3. c3 Nc6 4. Bf4 Nf6 5. e3 Qb6 6. Qb3 c4 7. Qc2 Bf5 8. Qc1
e6 9. Be2 Be7 10. O-O O-O 11. Nh4 Bg4 12. Bxg4 Nxg4 13. Nf3 Qa6 14. Nbd2 Nf6
15. h3 1/2-1/2

[Event "V Festival Magistrale"]
[Site "Catania ITA"]
[Date "1994.08.11"]
[Round "6"]
[White "Parrella, Alfredo"]
[Black "Gueci, Riccardo"]
[Result "1/2-1/2"]
[WhiteElo "2210"]
[BlackElo "2205"]
[PlyCount "81"]
[EventDate "1994.08.06"]

1. Nf3 Nf6 2. g3 g6 3. Bg2 Bg7 4. O-O O-O 5. d4 d6 6. c4 c6 7. Nc3 Nbd7 8. h3
e5 9. e4 exd4 10. Nxd4 Nc5 11. Bf4 Re8 12. Re1 Nh5 13. Be3 Ne6 14. Qd2 Qa5 15.
Rac1 Nxd4 16. Bxd4 Be6 17. Bxg7 Kxg7 18. b3 Rad8 19. Rcd1 a6 20. Re3 Rd7 21.
Rd3 Red8 22. Qb2 Nf6 23. Ne2 Qe5 24. Qd4 Qxd4 25. Nxd4 Ne8 26. f4 Re7 27. Kf2
f6 28. Nxe6+ Rxe6 29. c5 f5 30. exf5 gxf5 31. cxd6 Rdxd6 32. Rxd6 Nxd6 33. Re1
Kf6 34. Rxe6+ Kxe6 35. Ke3 c5 36. g4 fxg4 37. hxg4 h6 38. Bf1 b5 39. Bd3 Kf6
40. Be4 Ke6 41. Bc6 1/2-1/2

[Event "V Festival Magistrale"]
[Site "Catania ITA"]
[Date "1994.08.11"]
[Round "6"]
[White "Petursson, Margeir"]
[Black "Levitt, Jonathan Paul"]
[Result "1-0"]
[WhiteElo "2540"]
[BlackElo "2425"]
[PlyCount "55"]
[EventDate "1994.08.06"]

1. d4 c5 2. d5 f5 3. Nc3 Nf6 4. Bg5 Qb6 5. Rb1 h6 6. Bd2 e5 7. e4 fxe4 8. Nge2
Be7 9. Ng3 O-O 10. Nf5 Bd8 11. d6 a6 12. Bxh6 gxh6 13. Qd2 Ng4 14. h3 Rxf5 15.
hxg4 Rf6 16. Rxh6 e3 17. Qxe3 Rxd6 18. Bc4+ Kg7 19. Nd5 Qc6 20. Qxe5+ Kxh6 21.
Qh8+ Kg6 22. Qg8+ Kh6 23. Qh8+ Kg6 24. Nf4+ Kg5 25. Qe5+ Kh6 26. Ke2 Bf6 27.
Rh1+ Kg7 28. Qe8 1-0

[Event "V Festival Magistrale"]
[Site "Catania ITA"]
[Date "1994.08.11"]
[Round "6"]
[White "Rausis, Igors"]
[Black "Zueger, Beat"]
[Result "1-0"]
[WhiteElo "2485"]
[BlackElo "2420"]
[PlyCount "81"]
[EventDate "1994.08.06"]

1. e4 e6 2. d4 d5 3. Nc3 Nf6 4. Bg5 Be7 5. e5 Nfd7 6. Bxe7 Qxe7 7. f4 O-O 8.
Nf3 c5 9. Qd2 Nc6 10. O-O-O Nb6 11. dxc5 Qxc5 12. h4 Bd7 13. h5 Rfc8 14. h6 g6
15. Kb1 Na5 16. Qd4 Qe7 17. Rh3 Nbc4 18. Nd2 b5 19. Bxc4 Nxc4 20. Nxc4 bxc4 21.
Kc1 Rc7 22. Rdh1 Rb8 23. Nd1 Rcb7 24. Rc3 a5 25. Rhh3 a4 26. Kd2 Rf8 27. Kc1 f5
28. Ne3 Rfb8 29. g4 fxg4 30. Nxg4 Rxb2 31. Nf6+ Kh8 32. f5 Qb4 33. fxg6 hxg6
34. Nxd7 Rb1+ 35. Kd2 Qb2 36. Ke2 Qc1 37. Kf3 Qf1+ 38. Kg3 Qe1+ 39. Kg4 Qe2+
40. Rcf3 R8b7 41. Qc5 1-0

[Event "V Festival Magistrale"]
[Site "Catania ITA"]
[Date "1994.08.11"]
[Round "6"]
[White "Stassi, Emilio"]
[Black "Contin, Daniel"]
[Result "0-1"]
[WhiteElo "2150"]
[BlackElo "2425"]
[PlyCount "88"]
[EventDate "1994.08.06"]

1. f4 c5 2. Nf3 Nf6 3. e3 g6 4. b3 Bg7 5. Bb2 O-O 6. Be2 b6 7. O-O Bb7 8. Ne5
Qc8 9. Bf3 d5 10. d3 Nc6 11. Nd2 Rd8 12. Rc1 Qe6 13. Qe2 Ne8 14. Nxc6 Bxc6 15.
Bxg7 Nxg7 16. g4 Qf6 17. Qg2 Rac8 18. Qg3 Qc3 19. Qf2 b5 20. Bg2 Rd6 21. Nf3 f6
22. Bh3 Bd7 23. Kh1 Ra6 24. Ra1 Rf8 25. f5 Rd8 26. fxg6 hxg6 27. d4 Ne8 28. Qh4
Qxc2 29. Bg2 Be6 30. Qh6 Bf7 31. Rac1 Qb2 32. Rb1 Qxa2 33. Nh4 Ng7 34. Nxg6
Bxg6 35. Qxg6 cxd4 36. exd4 Qd2 37. Rbd1 Qg5 38. Qxg5 fxg5 39. Ra1 Rxa1 40.
Rxa1 Ne6 41. Rxa7 Kf7 42. Bf1 Nxd4 43. Kg2 Rc8 44. Kf2 Rc3 0-1

[Event "V Festival Magistrale"]
[Site "Catania ITA"]
[Date "1994.08.11"]
[Round "6"]
[White "Szekely, Peter"]
[Black "Sarno, Spartaco"]
[Result "1/2-1/2"]
[WhiteElo "2490"]
[BlackElo "2390"]
[PlyCount "33"]
[EventDate "1994.08.06"]

1. Nf3 Nf6 2. c4 g6 3. d4 Bg7 4. g3 O-O 5. Bg2 c6 6. Nc3 d5 7. cxd5 cxd5 8. Ne5
e6 9. e3 Nc6 10. Nd3 b6 11. b3 Ba6 12. O-O Qe7 13. Re1 Rfc8 14. Bb2 Qd8 15. Rc1
Ne7 16. Ba3 Nf5 17. Ne5 1/2-1/2

[Event "V Festival Magistrale"]
[Site "Catania ITA"]
[Date "1994.08.12"]
[Round "7"]
[White "Arlandi, Ennio"]
[Black "Zichichi, Alvise"]
[Result "1/2-1/2"]
[WhiteElo "2425"]
[BlackElo "2295"]
[PlyCount "37"]
[EventDate "1994.08.06"]

1. d4 d5 2. c4 c6 3. Nc3 Nf6 4. e3 a6 5. b3 g6 6. Bd3 Bg7 7. Qc2 O-O 8. Nf3 c5
9. cxd5 cxd4 10. Nxd4 Nxd5 11. Nxd5 Qxd5 12. Be4 Qd6 13. Bb2 f5 14. Bd3 Kh8 15.
Rd1 e5 16. Ne2 Nc6 17. Bc4 Qc5 18. O-O Be6 19. Ba3 1/2-1/2

[Event "V Festival Magistrale"]
[Site "Catania ITA"]
[Date "1994.08.12"]
[Round "7"]
[White "D'Amore, Carlo"]
[Black "Petursson, Margeir"]
[Result "1/2-1/2"]
[WhiteElo "2420"]
[BlackElo "2540"]
[PlyCount "83"]
[EventDate "1994.08.06"]

1. e4 c5 2. d3 Nc6 3. g3 d5 4. Nd2 Nf6 5. Bg2 g6 6. Ngf3 Bg7 7. O-O O-O 8. Re1
Qc7 9. c3 dxe4 10. dxe4 Ng4 11. Nc4 Rd8 12. Qe2 b6 13. h3 Nge5 14. Nfxe5 Nxe5
15. Nxe5 Bxe5 16. f4 Bg7 17. Be3 Bb7 18. Rad1 h5 19. h4 Kh7 20. e5 Bxg2 21.
Qxg2 Rxd1 22. Rxd1 Rd8 23. Rxd8 Qxd8 24. Qd2 Qc8 25. Qd3 Qe6 26. b3 Qh3 27. Bf2
f6 28. exf6 Bxf6 29. b4 Bxh4 30. bxc5 bxc5 31. Qd5 Bf6 32. Qf7+ Kh6 33. Qf8+
Kh7 34. Qf7+ Kh6 35. Qf8+ Bg7 36. Qxe7 c4 37. Qg5+ Kh7 38. Qe7 a6 39. Bd4 Qxg3+
40. Kh1 Qf3+ 41. Kg1 Qg3+ 42. Kh1 1/2-1/2

[Event "V Festival Magistrale"]
[Site "Catania ITA"]
[Date "1994.08.12"]
[Round "7"]
[White "Fabiano, Giuseppe"]
[Black "De La Rocha Prieto, Ramon"]
[Result "1-0"]
[WhiteElo "2210"]
[BlackElo "2340"]
[PlyCount "137"]
[EventDate "1994.08.06"]

1. e4 e6 2. d3 c5 3. Nf3 Nc6 4. g3 g6 5. Bg2 Bg7 6. O-O Nge7 7. Nbd2 O-O 8. Re1
d5 9. exd5 exd5 10. d4 Nxd4 11. Nxd4 cxd4 12. Nb3 Nc6 13. Bf4 Bf5 14. g4 Bc8
15. h3 a5 16. a3 Be6 17. Nc5 b6 18. Rxe6 fxe6 19. Nxe6 Qd7 20. Nxf8 Rxf8 21.
Bg3 Kh8 22. Qe2 Re8 23. Qb5 Ne5 24. Qxd7 Nxd7 25. Bxd5 Ne5 26. Rd1 Rc8 27. Bb3
b5 28. a4 bxa4 29. Bxe5 Bxe5 30. Bxa4 Rc4 31. Bb3 Rb4 32. Re1 Bf6 33. Ra1 d3
34. Rxa5 Bxb2 35. Rd5 Bd4 36. cxd3 Bxf2+ 37. Kxf2 Rxb3 38. Rd7 Rb2+ 39. Kf3 Rh2
40. Kg3 Re2 41. Kh4 h6 42. Kg3 Re3+ 43. Kg2 Re2+ 44. Kf3 Rh2 45. Kg3 Re2 46. h4
Kg8 47. g5 hxg5 48. hxg5 Re5 49. Kf4 Rf5+ 50. Kg4 Kf8 51. Rd4 Ke7 52. Re4+ Kd6
53. Ra4 Ke6 54. Ra6+ Kf7 55. Ra7+ Kf8 56. Rd7 Rf1 57. Rd5 Kf7 58. Re5 Rd1 59.
Re3 Rd2 60. Kf4 Rf2+ 61. Rf3 Rg2 62. d4 Ke6 63. Re3+ Kd5 64. Re5+ Kxd4 65. Re6
Rf2+ 66. Kg4 Rf1 67. Rxg6 Ke5 68. Ra6 Rf5 69. Rf6 1-0

[Event "V Festival Magistrale"]
[Site "Catania ITA"]
[Date "1994.08.12"]
[Round "7"]
[White "Farina, Saverio"]
[Black "Parrella, Alfredo"]
[Result "0-1"]
[WhiteElo "2100"]
[BlackElo "2210"]
[PlyCount "98"]
[EventDate "1994.08.06"]

1. d4 d5 2. c4 c6 3. Nc3 Nf6 4. Bg5 dxc4 5. e4 b5 6. e5 Nd5 7. a4 Nxc3 8. bxc3
Qd7 9. Nf3 Bb7 10. g3 h6 11. Be3 e6 12. Bg2 a6 13. O-O Qc7 14. Nd2 Nd7 15. Qg4
Nb6 16. axb5 cxb5 17. Ne4 Nd5 18. Nd6+ Bxd6 19. exd6 Qxd6 20. Qxg7 Ke7 21. Bf4
Qxf4 22. gxf4 Rag8 23. Qg3 Nxc3 24. Bxb7 Ne2+ 25. Kg2 Nxg3 26. fxg3 Rb8 27.
Bxa6 Rb6 28. Kf3 Ra8 29. Bxb5 Rxa1 30. Rxa1 Rxb5 31. Ra4 Rb3+ 32. Kg4 c3 33.
Rc4 Kf6 34. h4 h5+ 35. Kxh5 Kf5 36. Rc5+ Ke4 37. Kg5 Kxd4 38. Rc7 Rb5+ 39. Kf6
Rc5 40. Rd7+ Ke3 41. Rd1 c2 42. Rc1 Rf5+ 43. Kg7 Kd2 44. Rh1 c1=Q 45. Rxc1 Kxc1
46. Kh6 Kd2 47. g4 Rxf4 48. Kg5 Ke3 49. h5 Kf3 0-1

[Event "V Festival Magistrale"]
[Site "Catania ITA"]
[Date "1994.08.12"]
[Round "7"]
[White "Genovese, Maurizio"]
[Black "Pantaleoni, Claudio"]
[Result "0-1"]
[WhiteElo "2250"]
[BlackElo "2225"]
[PlyCount "80"]
[EventDate "1994.08.06"]

1. d4 Nf6 2. c4 d6 3. Nc3 g6 4. e4 Bg7 5. f4 O-O 6. Nf3 Na6 7. Be2 Bg4 8. O-O
Bxf3 9. Bxf3 e5 10. fxe5 dxe5 11. d5 Qe7 12. Qe2 Ne8 13. Be3 c5 14. dxc6 bxc6
15. a3 Nec7 16. b4 Ne6 17. b5 Nd4 18. Qa2 cxb5 19. cxb5 Nc7 20. a4 Rac8 21.
Rac1 Nce6 22. g3 Qb4 23. Nd5 Nxf3+ 24. Kf2 Qxe4 25. Ne7+ Kh8 26. Nxc8 Nxh2 27.
Qe2 Nxf1 28. Kxf1 Qh1+ 29. Bg1 Nd4 30. Qg2 Qh6 31. Rc4 Qh5 32. Bxd4 Qd1+ 33.
Kf2 exd4 34. Qf3 Qb1 35. Rc7 d3 36. Nxa7 Bd4+ 37. Kg2 d2 38. Rxf7 Rxf7 39. Qxf7
Qe4+ 40. Kh3 Qh1+ 0-1

[Event "V Festival Magistrale"]
[Site "Catania ITA"]
[Date "1994.08.12"]
[Round "7"]
[White "Godena, Michele"]
[Black "Contin, Daniel"]
[Result "1/2-1/2"]
[WhiteElo "2485"]
[BlackElo "2425"]
[PlyCount "54"]
[EventDate "1994.08.06"]

1. e4 e6 2. d4 d5 3. Nd2 c5 4. exd5 exd5 5. Ngf3 Nf6 6. Bb5+ Bd7 7. Bxd7+ Nbxd7
8. O-O Be7 9. dxc5 Nxc5 10. Re1 O-O 11. Nf1 Re8 12. Be3 a5 13. Bd4 Qd7 14. Ne3
Nce4 15. c3 b5 16. Qc2 Qb7 17. Rad1 Rad8 18. a3 Bf8 19. Qb3 a4 20. Qc2 Bc5 21.
Bxc5 Nxc5 22. Rd4 Nb3 23. Rdd1 Re4 24. Ng5 Re5 25. Nf3 Re4 26. Ng5 Re5 27. Nf3
Re4 1/2-1/2

[Event "V Festival Magistrale"]
[Site "Catania ITA"]
[Date "1994.08.12"]
[Round "7"]
[White "Gueci, Riccardo"]
[Black "Stassi, Emilio"]
[Result "1/2-1/2"]
[WhiteElo "2205"]
[BlackElo "2150"]
[PlyCount "58"]
[EventDate "1994.08.06"]

1. e4 c5 2. d4 cxd4 3. c3 d3 4. c4 d6 5. Bxd3 g6 6. Nc3 Bg7 7. Nf3 Nf6 8. O-O
Nc6 9. Be3 O-O 10. h3 Qa5 11. Be2 Nd7 12. Nd4 a6 13. Rc1 Nf6 14. Qd2 Bd7 15.
Nb3 Qc7 16. Nd5 Qd8 17. Bb6 Qc8 18. Bd3 Kh8 19. Rfe1 Nh5 20. Bf1 Be6 21. Nd4
Qd7 22. b3 Rac8 23. Nf3 Ne5 24. Nxe5 Bxe5 25. Bd4 Rc6 26. Rcd1 f6 27. Be3 g5
28. Qe2 Nf4 29. Bxf4 gxf4 1/2-1/2